Sea otter rescue : (Record no. 874)

MARC details
000 -LEADER
fixed length control field 01050pam a2200313 a 4500
005 - DATE AND TIME OF LATEST TRANSACTION
control field 20241106120914.0
020 ## - INTERNATIONAL STANDARD BOOK NUMBER
International Standard Book Number 9780590462136
040 ## - CATALOGING SOURCE
Original cataloging agency DLC
Transcribing agency DLC
Modifying agency DLC
Language of cataloging eng
050 00 - LIBRARY OF CONGRESS CALL NUMBER
Classification number QL737.C25
082 00 - DEWEY DECIMAL CLASSIFICATION NUMBER
Classification number 639.9
Edition number 20
100 1# - MAIN ENTRY--PERSONAL NAME
Personal name Smith, Roland,
Dates associated with a name 1951-
245 10 - TITLE STATEMENT
Title Sea otter rescue :
Remainder of title the aftermath of an oil spill /
Statement of responsibility, etc. Roland Smith ; photographs by the author.
250 ## - EDITION STATEMENT
Edition statement 1st ed.
260 ## - PUBLICATION, DISTRIBUTION, ETC.
Place of publication, distribution, etc. New York :
Name of publisher, distributor, etc. Scholastic
Date of publication, distribution, etc. 1990.
300 ## - PHYSICAL DESCRIPTION
Extent 64 pages :
Other physical details color illustrations ;
Dimensions 26 cm
500 ## - GENERAL NOTE
General note Includes index.
505 ## - FORMATTED CONTENTS NOTE
Formatted contents note Z <br/>
520 ## - SUMMARY, ETC.
Summary, etc. Describes the rescue of the sea otters following the 1989 oil spill in Valdez, Alaska.
521 ## - TARGET AUDIENCE NOTE
Target audience note 1160 <br/>
Source Lexile <br/>
521 ## - TARGET AUDIENCE NOTE
Target audience note Z <br/><br/>
Source Raz-Plus <br/>
650 #0 - SUBJECT ADDED ENTRY--TOPICAL TERM
Topical term or geographic name entry element Sea otter
Geographic subdivision Alaska
-- Prince William Sound
General subdivision Juvenile literature.
650 #0 - SUBJECT ADDED ENTRY--TOPICAL TERM
Topical term or geographic name entry element Wildlife rescue
Geographic subdivision Alaska
-- Prince William Sound
General subdivision Juvenile literature.
650 #1 - SUBJECT ADDED ENTRY--TOPICAL TERM
Topical term or geographic name entry element Sea otter.
650 #1 - SUBJECT ADDED ENTRY--TOPICAL TERM
Topical term or geographic name entry element Wildlife rescue.
650 #1 - SUBJECT ADDED ENTRY--TOPICAL TERM
Topical term or geographic name entry element Oil spills.
906 ## - LOCAL DATA ELEMENT F, LDF (RLIN)
a 7
b cbc
c orignew
d 1
e ocip
f 19
g y-gencatlg
942 ## - ADDED ENTRY ELEMENTS (KOHA)
Source of classification or shelving scheme Dewey Decimal Classification
Koha item type Books
Suppress in OPAC No
999 ## -
-- 874
-- 874
Holdings
Withdrawn status Lost status Source of classification or shelving scheme Damaged status Not for loan Collection Home library Current library Shelving location Date acquired Total Checkouts Full call number Barcode Date last seen Copy number Price effective from Koha item type
    Dewey Decimal Classification     Non-Fiction Footprints International School Library Network Toul Kork Campus Footprints International School Library Network Toul Kork Campus TTP Secondary Non-Fiction Bookshelves 07/13/2023   SMI 639.9 QL737.C25 FIS04676 07/13/2023 1 07/13/2023 Books
    Dewey Decimal Classification     Non-Fiction Footprints International School Library Network Toul Kork Campus Footprints International School Library Network Toul Kork Campus TTP Secondary Non-Fiction Bookshelves 07/13/2023   SMI 639.9 QL737.C25 FISSE01207 11/06/2024 2 07/13/2023 Books